| 000 | 00866cab a2200253 4500 | ||
|---|---|---|---|
| 001 | WB3219-59 | ||
| 008 | 090401t1996 xxu||||| |||| 00| 0 eng d | ||
| 035 | _a(Sirsi) u2015 | ||
| 041 | _aeng | ||
| 245 | _aTrading standards target individuals | ||
| 260 | _c1996 | ||
| 350 | _a0 | ||
| 490 |
_aProperty Week _v55(7) 16 May 1996, 17(1) |
||
| 520 | _aKent trading standards officers will prosecute individuals, who write inaccurate property details, rather than their company, after losing a case against Black Horse Agencies. | ||
| 650 | _aBLACK HORSE AGENCIES | ||
| 650 | _aDUE DILIGENCE | ||
| 650 | _aPROPERTY DETAILS | ||
| 650 | _aPROPERTY MISDESCRIPTIONS ACT 1991 | ||
| 650 | _aPROPERTY MISDESCRIPTIONS | ||
| 650 | _aTRADING STANDARDS OFFICERS | ||
| 690 | _aMANAGEMENT-BUSINESS MANAGEMENT-PROFESSIONAL PRACTICE | ||
| 942 | _n0 | ||
| 948 | _c04/03/1997 | ||
| 999 |
_c1196 _d1196 |
||